000
00281nam a2200121Ia 4500
008
190216s9999||||xx |||||||||||||| ||und||
100
_a
Null
245
0
_a
Hindi-Namil Shob Mukth Kabi Naynumar
260
_b
Poorna Pubs Kozhikode
300
_a
191
650
_a
Hindi
942
_c
BK
999
_c
15938
_d
15938